000 00401nam a2200133Ia 4500
008 200619s9999 xx 000 0 und d
020 _a9800000000000
100 _aDowd Douglasfitzgerlad
245 0 _aUnderstaning Capatalism: Critical Analysis from Karl to Amartya Sen
264 _aUK
_bPluto Press
_c2002
300 _a192
942 _cIR
999 _c120378
_d120378